LEADER 00999nam a2200217 i 4500 001 000000193026 003 CaOOAMICUS 005 20230612112436.0 008 101009s1929 it u000 u ita u 040 $aSeMil$bita 100 1 $aCravenna Brigola, Maddalena.$0(OLS)http://semarc/name/70326 245 10$aOmaggio ad uno Scrittore Insigne (saggio storico) ; Donne che salvano e donne che perdono (Conferenza) /$cMaddalena Cravenna Brigola. 264 1$aMilano :$bArtigianelli,$c1929. 300 $aII, 111 p. ;$c19 cm. 500 $aRilegato con : 3J I 139/1 600 14$aCantů, Cesare <1804-1895>.$0(OLS)http://semarc/subject/9434 850 $aSeMil 852 $aSeMil$W1$xVenegono$y1$m3J I 139/2$j143600$B143600$CSeMilBibl$Z2$F155155 $81 996 $6245$aOmaggio ad uno Scrittore Insigne (saggio storico) ; Donne che salvano e donne che perdono (Conferenza)$9(OLS)http://semarc/title/278238 996 $6264$aMilano :$bArtigianelli$9(OLS)http://semarc/publisher/33468 LEADER 01341nam a2200289 i 4500 001 000000119142 003 CaOOAMICUS 005 20031020000000.0 008 031020s1999 it u000 u ita u 013 $a91835 020 $a88-16-40503-1 040 $aSeMil$bita 100 1 $aGisondi, Francesco Antonio.$0(OLS)http://semarc/name/48233 245 10$aMichele Ruggeri sj :$bmissionario in Cina, primo sinologo europeo e poeta «cinese» : (Spinazzola 1543-Salerno 1607) /$cFrancesco Antonio Gisondi. 260 $aMilano :$bJaca Book,$c1999. 300 $a173 p. :$bill. ;$c23 cm. 490 0 $aDi fronte e attraverso ;$v503 500 $aContiene : Bibliografia. - Fondo Card. C.M. Martini. 600 14$aRuggeri, Michele .$0(OLS)http://semarc/subject/22289 830 0$aDi fronte e attraverso ;$v503.$0(OLS)http://semarc/title/6486 850 $aSeMil 852 $aSeMil$W1$xVenegono$y1$m3E IV 35$j74384$B74384$CSeMilBibl$Z2$F101363 $81 941 1 $a4 961 $aOmaggio: Martini Card. Carlo Maria 996 $6020$a88-16-40503-1$9(OLS)http://semarc/number/103940 996 $6245$aMichele Ruggeri sj :$bmissionario in Cina, primo sinologo europeo e poeta «cinese» : (Spinazzola 1543-Salerno 1607)$9(OLS)http://semarc/title/175080 996 $6260$aMilano :$bJaca Book$9(OLS)http://semarc/publisher/29781